| 000 | 00499nam a2200181Ia 4500 | ||
|---|---|---|---|
| 999 |
_c8959 _d8959 |
||
| 003 | OSt | ||
| 005 | 20200827102322.0 | ||
| 008 | 190216s9999||||xx |||||||||||||| ||und|| | ||
| 020 | _a8173175705 | ||
| 040 | _coclc | ||
| 082 |
_a657.1 _bSIN/T |
||
| 100 |
_aSingh, Vishnu Priya _94373 |
||
| 245 | 0 |
_aTally 9 / _cVishnu Priya Singh |
|
| 260 |
_bComputech Publishers, _c2008. _aNew Delhi: |
||
| 300 | _a408p | ||
| 650 | _aComputer | ||
| 942 |
_cBK _2ddc _h657.1 _iSIN/T _k657.1 _mSIN/T |
||